Elections présidentielles 2022: Premier tour - Statistiques

Statistiques générales
  • Ce quiz a été pris 202 fois
  • Le résultat moyen est 9 sur 12
Statistiques - réponses
Score Nom du candidat: % Correct
27,85% Emmanuel Macron
100%
23,15% Marine Le Pen
96%
21,95% Jean-Luc Mélenchon
90%
7,07% Eric Zemmour
89%
4,78% Valérie Pécresse
81%
4,63% Yannick Jadot
66%
3,13% Jean Lassalle
64%
1,75% Anne Hidalgo
62%
0,77% Philippe Poutou
61%
0,56% Nathalie Arthaud
57%
2,28% Fabien Roussel
51%
2,06% Nicolas Dupont-Aignan
46%
Aucun quiz correspondant
Distribution des résultats
% des personnes avec chaque résultat
Percentile par nombre de réponses
Votre historique - résultats
Vous n’avez pas pris ce quiz